| 000 | 00741nam a2200229 a 4500 | ||
|---|---|---|---|
| 001 | 000023720 | ||
| 005 | 20200930022421.0 | ||
| 008 | 101221s1995 sp r 000 f spa d | ||
| 020 | _a8425327903 | ||
| 040 |
_aDO-SdBNP _bspa _cBNPHU |
||
| 041 | 1 | 7 |
_aspa _heng _2Código de idiomas MARC |
| 082 |
_a813.54 _bK52i |
||
| 100 | 1 |
_aKing, Stephen, _d1947- _911889 |
|
| 245 | 1 | 0 |
_aInsomania / _cStephen King ; traducción de Bettina Blanch. |
| 260 |
_aBarcelona : _bGrijalbo, _c1995. |
||
| 300 |
_a610 p. ; _c24 cm. |
||
| 504 | _aIncluye referencias bibliográficas y notas al pie de las páginas. | ||
| 650 | 4 |
_aNovela estadounidense _9262 |
|
| 650 | 4 |
_aLiteratura estadounidense _9263 |
|
| 700 | 1 |
_aBlanch, Bettina, _etr. _948846 |
|
| 049 | _aBNGR | ||
| 999 |
_c23216 _d23216 |
||